[Event "OLNW 2324 SV Werder Bremen III - SK Unio"]
[Site "Bremen"]
[Date "2024.02.25"]
[Round "6.4"]
[White "Steffens, Olaf"]
[Black "Wagner, Jan"]
[Result "0-1"]
[WhiteElo "2175"]
[BlackElo "2122"]
[PlyCount "66"]
[EventDate "2024.??.??"]

1. d3 g6 2. g4 d5 3. h3 Bg7 4. Bg2 e5 5. Nc3 Ne7 6. e4 c6 7. g5 O-O 8. h4 Be6 9. h5 Nd7 10. Qf3 f5 11. Qh3 Qb6 12. Nf3 Kf7 13. Qh4 Qc5 14. Bh3 d4 15. exf5 Nxf5 16. Bxf5 Bxf5 17. Ne4 Bxe4 18. Qxe4 Qxc2 19. hxg6+ hxg6 20. Rh6 Bxh6 21. gxh6 Rae8 22. Bd2 Nc5 23. Ng5+ Ke7 24. Qxg6 Nxd3+ 25. Kf1 Rxf2+ 26. Kg1 Qxd2 27. Ne4 Qf4 28. Rd1 Rf3 29. Qd6+ Kf7 30. Qd7+ Re7 31. Nd6+ Kf6 32. Ne8+ Rxe8 33. Qg7+ Ke6 0-1

[Event "OLNW 2324 SV Werder Bremen III - SK Unio"]
[Site "Bremen"]
[Date "2024.02.25"]
[Round "6.5"]
[White "Eschholz, Enno"]
[Black "Buchal, Stephan"]
[Result "0-1"]
[WhiteElo "2146"]
[BlackElo "2176"]
[PlyCount "118"]
[EventDate "2024.??.??"]

1. e4 g6 2. d4 Bg7 3. Nc3 c6 4. Be3 d5 5. Qd2 dxe4 6. Nxe4 Nf6 7. Nxf6+ exf6 8. O-O-O O-O 9. h4 Be6 10. h5 Nd7 11. Ne2 Nb6 12. Nf4 Qd7 13. Kb1 Nc4 14. Bxc4 Bxc4 15. b3 Bd5 16. Nxd5 Qxd5 17. Bh6 Bxh6 18. Qxh6 Qg5 19. hxg6 Qxh6 20. Rxh6 fxg6 21. Rhh1 Rfe8 22. Rhe1 Kf7 23. c4 h5 24. Kc2 h4 25. Rh1 g5 26. g3 hxg3 27. fxg3 Kg6 28. Kd3 f5 29. Rdf1 Re4 30. Rxf5 Kxf5 31. Rf1+ Rf4 32. gxf4 gxf4 33. Rg1 Rh8 34. Rg7 Rh3+ 35. Ke2 Ke4 36. Re7+ Kxd4 37. Rxb7 Rh2+ 38. Kf3 Rxa2 39. Kxf4 a5 40. Rb6 Rf2+ 41. Kg5 c5 42. Rb5 a4 43. bxa4 Kxc4 44. Rb1 Ra2 45. Rc1+ Kb4 46. Rb1+ Kxa4 47. Kf4 Ra3 48. Ke4 Rb3 49. Rc1 Kb4 50. Kd5 Rd3+ 51. Ke4 c4 52. Rb1+ Kc3 53. Rc1+ Kb3 54. Rb1+ Kc2 55. Ra1 Rh3 56. Kd4 c3 57. Ra7 Kd2 58. Ke4 c2 59. Rd7+ Kc3 0-1

[Event "OLNW 2324 SV Werder Bremen III - SK Unio"]
[Site "Bremen"]
[Date "2024.02.25"]
[Round "6.6"]
[White "Franke, Reiner"]
[Black "Peters, Tom"]
[Result "1/2-1/2"]
[WhiteElo "2156"]
[BlackElo "2131"]
[PlyCount "82"]
[EventDate "2024.??.??"]

1. c4 e5 2. g3 Nf6 3. Bg2 h6 4. Nc3 Bb4 5. e4 Bxc3 6. dxc3 O-O 7. Qe2 d6 8. Nf3 Be6 9. O-O Nbd7 10. b3 a5 11. a4 Nc5 12. Nd2 Qe7 13. Re1 Nfd7 14. Rb1 f5 15. exf5 Bxf5 16. Ne4 Nf6 17. f3 Bxe4 18. fxe4 Qf7 19. Ba3 Ne6 20. Rf1 Qg6 21. Rbe1 Ra6 22. Qc2 h5 23. Bh3 Ng4 24. Rxf8+ Kxf8 25. Bc1 Ke7 26. Be3 Ra8 27. Bxg4 hxg4 28. Rf1 Rf8 29. Rf5 Qh7 30. Qf2 g6 31. Rxf8 Nxf8 32. c5 Qf7 33. cxd6+ cxd6 34. Qxf7+ Kxf7 35. Kf2 Nd7 36. Ke2 Ke6 37. Kd3 d5 38. exd5+ Kxd5 39. c4+ Kd6 40. Bh6 Nc5+ 41. Kc3 Ne6 1/2-1/2

[Event "OLNW 2324 SV Werder Bremen III - SK Unio"]
[Site "Bremen"]
[Date "2024.02.25"]
[Round "6.7"]
[White "Schuette, Marc"]
[Black "Diederichsen, Detlev"]
[Result "1-0"]
[WhiteElo "2127"]
[BlackElo "2160"]
[PlyCount "81"]
[EventDate "2024.??.??"]

1. e4 e5 2. Nf3 Nc6 3. Nc3 Nf6 4. Bb5 Bc5 5. d3 a6 6. Bxc6 dxc6 7. h3 O-O 8. Qe2 Bd6 9. Bg5 h6 10. Bd2 b5 11. g4 Nd7 12. Nd1 Re8 13. Ne3 Nf8 14. Nf5 Ne6 15. O-O-O Nf4 16. Qe1 b4 17. Nxd6 cxd6 18. Bxf4 Qf6 19. Bxe5 dxe5 20. Qe3 g6 21. Kb1 Kg7 22. Rhg1 Qe7 23. Nd2 c5 24. Nb3 a5 25. Qxc5 Qh4 26. Rg3 Qd8 27. d4 a4 28. Nc1 Rb8 29. a3 bxa3 30. Rxa3 Ra8 31. Rdd3 Ba6 32. dxe5 Bxd3 33. Rxd3 Qb8 34. f4 Rc8 35. Qd4 Rd8 36. Qc3 Rc8 37. Qa3 Rc4 38. Rd7 Qe8 39. Qd6 Rxe4 40. Re7 Rd8 41. Qf6+ 1-0

[Event "OLNW 2324 SV Werder Bremen III - SK Unio"]
[Site "Bremen"]
[Date "2024.02.25"]
[Round "6.8"]
[White "Lai Hop, Duong"]
[Black "Warns, Heiko"]
[Result "1/2-1/2"]
[WhiteElo "2207"]
[BlackElo "2061"]
[PlyCount "104"]
[EventDate "2024.??.??"]

1. d4 Nf6 2. Nf3 e6 3. c3 c5 4. Bf4 Qb6 5. Qb3 Qxb3 6. axb3 Nc6 7. e3 b6 8. Na3 Bb7 9. Nb5 Nd5 10. Bd6 a6 11. Bxf8 axb5 12. Rxa8+ Bxa8 13. Bxg7 Rg8 14. Be5 Nxe5 15. Nxe5 f6 16. Nd3 c4 17. Nc1 b4 18. bxc4 bxc3 19. bxc3 Nxc3 20. f3 d5 21. cxd5 Nxd5 22. Kf2 Ke7 23. Bd3 f5 24. Ne2 Bc6 25. Rb1 Rb8 26. e4 fxe4 27. Bxe4 h6 28. Bxd5 Bxd5 29. Nf4 Bc4 30. Rd1 Kd6 31. Ke3 Ra8 32. Kd2 b5 33. Rb1 Ra3 34. Rb2 Ra1 35. Nd3 Kd5 36. Nb4+ Kd6 37. Nc2 Ra7 38. Ne3 Ra3 39. Nxc4+ bxc4 40. Rb5 Ra2+ 41. Kc3 Rxg2 42. Rh5 Rf2 43. Rxh6 Rxf3+ 44. Kxc4 Rf1 45. Kd3 Rd1+ 46. Ke3 Re1+ 47. Kd2 Re4 48. Kd3 Kd5 49. Rh5+ e5 50. dxe5 Rxe5 51. Rh6 Re1 52. Rh8 Kd6 1/2-1/2

[Event "OLNW 2324 Braunschweig Gliesm. - Post SV"]
[Site "?"]
[Date "2024.02.25"]
[Round "6.1"]
[White "Laubsch, Bernd"]
[Black "Riemay, David"]
[Result "1/2-1/2"]
[WhiteElo "2209"]
[BlackElo "2220"]
[PlyCount "210"]
[EventDate "2024.??.??"]

1. e4 c6 2. d4 d5 3. Nc3 dxe4 4. Nxe4 Nf6 5. Nxf6+ exf6 6. c3 Bd6 7. Bd3 Na6 8. Ne2 Nc7 9. Bf4 Nd5 10. Bxd6 Qxd6 11. Qd2 O-O 12. O-O Bg4 13. Rfe1 g6 14. f3 Be6 15. c4 Nc7 16. Rad1 Rad8 17. b3 Kg7 18. Qc3 Bc8 19. Bc2 Rfe8 20. g3 Ne6 21. Kg2 b6 22. b4 Nc7 23. a4 Re7 24. Kf2 h5 25. b5 cxb5 26. axb5 h4 27. d5 Rh8 28. Rh1 a6 29. bxa6 Bxa6 30. Qd4 hxg3+ 31. Nxg3 Rd7 32. Kg2 Ne6 33. dxe6 Qxd4 34. exd7 Qxc4 35. Rd2 Rd8 36. Rhd1 Bb7 37. Be4 Bxe4 38. Nxe4 Qc7 39. Rd5 f5 40. Nf2 Kf6 41. R1d2 b5 42. Nd1 b4 43. Nb2 b3 44. R5d3 Kg5 45. Rd4 Kh5 46. Nd1 g5 47. h3 Qb7 48. Kf2 f4 49. Nb2 Qb6 50. Kg2 Qe6 51. Nd1 Qe5 52. Nf2 f6 53. Rd1 Qe2 54. R4d2 Qb5 55. Rd5 Qb7 56. R5d2 b2 57. Rb1 Rxd7 58. Rbxb2 Qc7 59. Rxd7 Qxd7 60. Rb3 Kg6 61. Rb6 Qd4 62. Ra6 Qc4 63. Rb6 Kf5 64. Ng4 Qe2+ 65. Nf2 Ke5 66. Rb8 Kd4 67. Rb4+ Kd5 68. Re4 Qb2 69. Re8 f5 70. Rd8+ Ke6 71. Rg8 Kf6 72. Rf8+ Kg6 73. Rg8+ Kh5 74. Rf8 Qe5 75. Rc8 Qd5 76. Rb8 Kg6 77. Rb6+ Kf7 78. Ra6 Qd4 79. Rh6 Qg7 80. Ra6 Qh8 81. Ra7+ Ke6 82. Ra6+ Kd7 83. Ra7+ Kc6 84. Ra6+ Kb5 85. Rg6 Qh4 86. Kh1 Kc5 87. Rg8 Kd6 88. Rd8+ Ke7 89. Rd3 Ke6 90. Kg2 Qg3+ 91. Kf1 Ke5 92. Ra3 Kd4 93. Rd3+ Kc4 94. Ra3 Kc5 95. Rb3 Kc4 96. Ra3 Qh2 97. Ra5 Qg3 98. Ke2 g4 99. hxg4 fxg4 100. Nxg4 Qg2+ 101. Nf2 Kd4 102. Rf5 Qh2 103. Kf1 Qg3 104. Ke2 Qh2 105. Kf1 Qg3 1/2-1/2

[Event "OLNW 2324 Braunschweig Gliesm. - Post SV"]
[Site "?"]
[Date "2024.02.25"]
[Round "6.2"]
[White "Reller, Ole"]
[Black "Wiegmann, Sascha"]
[Result "1-0"]
[WhiteElo "2058"]
[BlackElo "2307"]
[PlyCount "81"]
[EventDate "2024.??.??"]

1. d4 Nf6 2. c4 g6 3. g3 Bg7 4. Bg2 O-O 5. Nc3 d6 6. Nf3 Nbd7 7. O-O e5 8. e4 exd4 9. Nxd4 Re8 10. h3 a6 11. Be3 Rb8 12. a4 a5 13. Qc2 Ne5 14. b3 Nc6 15. Ndb5 Nb4 16. Qd2 Be6 17. Rad1 Qc8 18. Kh2 Nd7 19. Nd5 Bxd5 20. cxd5 b6 21. f4 Na6 22. Na7 Qb7 23. Nc6 Nac5 24. e5 dxe5 25. d6 e4 26. Nxb8 Qxb8 27. dxc7 Qxc7 28. Qd5 Nf6 29. Qc4 Rc8 30. Rc1 Qb7 31. b4 axb4 32. Qxb4 Bf8 33. Qb5 Qd5 34. Rfd1 Qh5 35. Bd4 Nd5 36. Bxc5 Bxc5 37. Qd7 Ne7 38. Bxe4 Kf8 39. Re1 Kg7 40. Bg2 Qf5 41. Rxe7 1-0

[Event "OLNW 2324 Braunschweig Gliesm. - Post SV"]
[Site "?"]
[Date "2024.02.25"]
[Round "6.3"]
[White "Knuedel, Torben"]
[Black "Dahmen, Christoph"]
[Result "1-0"]
[WhiteElo "2296"]
[BlackElo "2104"]
[PlyCount "49"]
[EventDate "2024.??.??"]

1. e4 c6 2. d4 d5 3. e5 Bf5 4. Nc3 e6 5. g4 Bg6 6. Nge2 c5 7. h4 h6 8. Be3 Nc6 9. h5 Bh7 10. f4 Be7 11. Bg2 Bh4+ 12. Kf1 Be7 13. dxc5 f6 14. Nd4 Nxd4 15. Qxd4 Bxc2 16. Rc1 Bh7 17. f5 fxe5 18. Qxe5 Nf6 19. Bf3 exf5 20. g5 hxg5 21. h6 O-O 22. Bxd5+ Kh8 23. hxg7+ Kxg7 24. Bxg5 Kg6 25. Qh2 1-0

[Event "OLNW 2324 Braunschweig Gliesm. - Post SV"]
[Site "?"]
[Date "2024.02.25"]
[Round "6.4"]
[White "Nimtz, Manfred"]
[Black "Bargsten, Justus"]
[Result "0-1"]
[WhiteElo "2159"]
[BlackElo "2206"]
[PlyCount "76"]
[EventDate "2024.??.??"]

1. e4 e5 2. f4 exf4 3. Nf3 d6 4. d4 g5 5. h4 g4 6. Ng1 Qf6 7. Nc3 Ne7 8. Nge2 Bh6 9. g3 fxg3 10. Nxg3 Bxc1 11. Rxc1 Nbc6 12. Bb5 Kd8 13. e5 Qh6 14. Nce2 Bd7 15. c4 dxe5 16. dxe5 Ke8 17. Rc3 Rd8 18. Rd3 a6 19. Bxc6 Nxc6 20. Qb3 Be6 21. Rxd8+ Kxd8 22. Qxb7 Nxe5 23. Qa8+ Bc8 24. Nf5 Qc6 25. Qxc8+ Kxc8 26. Ne7+ Kd7 27. Nxc6 Kxc6 28. Kf2 Rd8 29. b3 Rd3 30. h5 f5 31. Re1 Nf3 32. Ra1 Ng5 33. Kg2 Rd2 34. Kf1 Nh3 35. Ke1 Rd3 36. Rd1 Rxd1+ 37. Kxd1 f4 38. Kd2 g3 0-1

[Event "OLNW 2324 Braunschweig Gliesm. - Post SV"]
[Site "?"]
[Date "2024.02.25"]
[Round "6.5"]
[White "von Estorff, Jacob"]
[Black "Clemens, Christian"]
[Result "1-0"]
[WhiteElo "2182"]
[BlackElo "2161"]
[PlyCount "95"]
[EventDate "2024.??.??"]

1. e4 Nf6 2. Nc3 d5 3. e5 Nfd7 4. f4 c5 5. Nf3 Nc6 6. Bb5 a6 7. Bxc6 bxc6 8. e6 fxe6 9. O-O g6 10. Qe2 Bg7 11. Ng5 Nf6 12. Re1 Qd6 13. d3 Rb8 14. g3 Rb7 15. Na4 O-O 16. Rb1 Ne8 17. b3 Nc7 18. c4 Rf5 19. Nf3 dxc4 20. dxc4 Bd4+ 21. Kh1 Ne8 22. Ba3 Qc7 23. Rbd1 Nf6 24. Nxd4 cxd4 25. Nc5 Qa5 26. Nxb7 Qxa3 27. Rxd4 Kg7 28. Nd8 c5 29. Rd3 Kh6 30. Kg1 Qa5 31. Nxe6 Bxe6 32. Qxe6 Qxa2 33. Qe2 Qa5 34. Qxe7 Ng8 35. Qe2 Qc7 36. Rd5 Rf7 37. Re5 Qc6 38. Re6 Qb7 39. Qe3 Kg7 40. Qe5+ Kh6 41. Qxc5 Qxb3 42. Rxa6 Nf6 43. Rae6 Kg7 44. Qd4 Qb4 45. Kf2 Rf8 46. Rxf6 Rxf6 47. Re6 Qf8 48. Qxf6+ 1-0

[Event "OLNW 2324 Braunschweig Gliesm. - Post SV"]
[Site "?"]
[Date "2024.02.25"]
[Round "6.6"]
[White "Cichy, Michael"]
[Black "Askerov, Imamali"]
[Result "1/2-1/2"]
[WhiteElo "2000"]
[BlackElo "1977"]
[PlyCount "77"]
[EventDate "2024.??.??"]

1. d4 d5 2. Nf3 Nf6 3. c4 c6 4. Nc3 dxc4 5. a4 Bf5 6. e3 e6 7. Bxc4 Bb4 8. O-O O-O 9. Qe2 Bg6 10. Ne5 Nbd7 11. Nxg6 hxg6 12. Rd1 Qa5 13. Bd2 e5 14. dxe5 Nxe5 15. Bb3 Rad8 16. Be1 Qb6 17. Bc2 Rfe8 18. Rxd8 Rxd8 19. Rd1 Rxd1 20. Bxd1 Qc5 21. h3 a5 22. Kf1 Qd6 23. Bc2 Qe6 24. f4 Nc4 25. Nd1 Bxe1 26. Kxe1 b5 27. Bb3 Qd6 28. Bxc4 Qb4+ 29. Qd2 Qxc4 30. Qxa5 bxa4 31. Qc3 Qd5 32. Qd2 Qb3 33. Qc3 Qd5 34. Qc2 Ne4 35. Nf2 Nc5 36. Ke2 Nb3 37. Qd1 Qxg2 38. Qd8+ Kh7 39. Qh4+ 1/2-1/2

[Event "OLNW 2324 Braunschweig Gliesm. - Post SV"]
[Site "?"]
[Date "2024.02.25"]
[Round "6.7"]
[White "Mittelstaedt, Hendrik"]
[Black "Hagemann, Sven"]
[Result "1-0"]
[WhiteElo "2001"]
[BlackElo "1962"]
[PlyCount "107"]
[EventDate "2024.??.??"]

1. d4 d5 2. Nc3 e6 3. Bf4 Bd6 4. e3 a6 5. Qf3 Bxf4 6. Qxf4 Nf6 7. g4 Qd6 8. Qxd6 cxd6 9. f3 h5 10. g5 Nfd7 11. a4 b6 12. Nge2 g6 13. Nf4 Nc6 14. Bd3 Nb4 15. a5 b5 16. Kd2 Bb7 17. Nd1 Rc8 18. c3 Nxd3 19. Nxd3 Ke7 20. Nb4 Rhd8 21. Nf2 Nb8 22. Rhe1 Nc6 23. Nxc6+ Bxc6 24. Nd3 Bb7 25. Re2 Kf8 26. e4 e5 27. Rc1 exd4 28. cxd4 Rxc1 29. Nxc1 dxe4 30. fxe4 Re8 31. Kd3 b4 32. Na2 Bc6 33. Re3 Bb5+ 34. Kd2 b3 35. Nc3 Bc4 36. h4 Kg7 37. e5 Rd8 38. exd6 Rxd6 39. Re4 f5 40. gxf6+ Kxf6 41. Rf4+ Kg7 42. d5 Bb5 43. Nxb5 axb5 44. Rd4 b4 45. Kd3 Kf6 46. Kc4 Ke5 47. Rd1 g5 48. hxg5 h4 49. Kc5 Ra6 50. Kb5 Ra8 51. d6 h3 52. d7 h2 53. Rh1 Rh8 54. Rxh2 1-0

[Event "OLNW 2324 Braunschweig Gliesm. - Post SV"]
[Site "?"]
[Date "2024.02.25"]
[Round "6.8"]
[White "Waldschlaeger, Juergen"]
[Black "Bogomolow, Sergej"]
[Result "1-0"]
[WhiteElo "2120"]
[BlackElo "2138"]
[PlyCount "89"]
[EventDate "2024.??.??"]

1. Nf3 Nf6 2. g3 g6 3. Bg2 Bg7 4. O-O O-O 5. d4 d6 6. b3 Nfd7 7. Bb2 c5 8. Qd2 Nc6 9. c4 Qa5 10. Bc3 Qc7 11. dxc5 Nxc5 12. Bxg7 Kxg7 13. Nc3 Bf5 14. Nd4 Qd7 15. Rfd1 Rad8 16. Nd5 e5 17. Nxf5+ Qxf5 18. Qe3 Nd4 19. Rac1 Qh5 20. Rd2 Nce6 21. Rc3 g5 22. f4 f6 23. Qf2 a5 24. e3 Nc6 25. Rc1 Nc5 26. Rcd1 e4 27. Qe2 Qg6 28. Nc3 f5 29. fxg5 Ne5 30. Nd5 Qxg5 31. Nf4 Qh6 32. Qh5 Rf6 33. Rd5 Ng4 34. Rxc5 Nxe3 35. Qxh6+ Rxh6 36. Rc7+ Kg8 37. Rd2 Ng4 38. h3 Ne3 39. Nd5 Nxd5 40. Rxd5 Re8 41. Kf2 Rg6 42. Rxf5 e3+ 43. Ke2 Rxg3 44. Bd5+ Kh8 45. Rh5 1-0

[Event "OLNW 2324 SK Nordhorn Blanke - SK Kirchw"]
[Site "?"]
[Date "2024.02.25"]
[Round "6.1"]
[White "Palac, Mladen"]
[Black "Kroeze, Frank"]
[Result "1/2-1/2"]
[WhiteElo "2460"]
[BlackElo "2389"]
[PlyCount "33"]
[EventDate "2024.??.??"]

1. e4 e5 2. Nf3 Nf6 3. Nxe5 d6 4. Nf3 Nxe4 5. Bd3 Nf6 6. O-O d5 7. Re1+ Be7 8. Qe2 Nc6 9. Bb5 Bg4 10. d3 Bxf3 11. Qxf3 O-O 12. c3 Re8 13. d4 Bd6 14. Rxe8+ Qxe8 15. Qd1 Qe6 16. Nd2 Ne7 17. Nf1 1/2-1/2

[Event "OLNW 2324 SK Nordhorn Blanke - SK Kirchw"]
[Site "?"]
[Date "2024.02.25"]
[Round "6.2"]
[White "Maatman, Nick"]
[Black "Kuegel, Tobias"]
[Result "1-0"]
[WhiteElo "2391"]
[BlackElo "2422"]
[PlyCount "117"]
[EventDate "2024.??.??"]

1. e4 c5 2. Nf3 d6 3. d4 cxd4 4. Nxd4 Nf6 5. Nc3 g6 6. Be3 Bg7 7. f3 O-O 8. Qd2 Nc6 9. Bc4 Nxd4 10. Bxd4 Be6 11. Bxe6 fxe6 12. O-O-O Qa5 13. Kb1 Nd7 14. Bxg7 Kxg7 15. h4 Rac8 16. h5 g5 17. h6+ Kg6 18. Qe2 Ne5 19. f4 Rxf4 20. Qh5+ Kf6 21. Rdf1 Rxc3 22. Qe8 Nf7 23. Rxf4+ gxf4 24. bxc3 Qxc3 25. Qg8 Qg3 26. Qxg3 fxg3 27. Rh3 d5 28. exd5 exd5 29. Rxg3 Nxh6 30. Rb3 b6 31. Ra3 Nf5 32. Rxa7 Ne3 33. Kb2 Nxg2 34. Rb7 Ne3 35. Rxb6+ e6 36. Kb3 h5 37. a4 Nc4 38. Rb8 h4 39. Kb4 Kg7 40. Rb7+ Kg6 41. Rb8 Kg7 42. Kc5 Kf6 43. Rb1 Kf5 44. Ra1 Na5 45. Kb5 Nb7 46. a5 h3 47. a6 Nd6+ 48. Kc6 Nc8 49. Rb1 h2 50. Rh1 Ke4 51. Rxh2 Kd4 52. Rh8 Na7+ 53. Kb6 e5 54. Kxa7 e4 55. Kb6 Kc4 56. a7 Kb4 57. a8=Q d4 58. Qa5+ Kc4 59. Qc5# 1-0

[Event "OLNW 2324 SK Nordhorn Blanke - SK Kirchw"]
[Site "?"]
[Date "2024.02.25"]
[Round "6.3"]
[White "Zaja, Ivan"]
[Black "Elgersma, Simon"]
[Result "1-0"]
[WhiteElo "2428"]
[BlackElo "2244"]
[PlyCount "119"]
[EventDate "2024.??.??"]

1. d4 d5 2. c4 e6 3. Nc3 Nf6 4. Nf3 a6 5. cxd5 exd5 6. Bf4 Bd6 7. Be5 c6 8. Qc2 O-O 9. e3 Bg4 10. Bd3 Re8 11. Bxd6 Qxd6 12. Ne5 Be6 13. Ne2 Nbd7 14. Nxd7 Bxd7 15. Rc1 b6 16. O-O Ng4 17. Ng3 h5 18. Bf5 Bxf5 19. Qxf5 Nxh2 20. Rfe1 g6 21. Qg5 Ng4 22. Nf5 Qh2+ 23. Kf1 Qh1+ 24. Ke2 Qxg2 25. Nh6+ Kg7 26. Nxg4 hxg4 27. Rh1 Qf3+ 28. Kd3 Qf5+ 29. Qxf5 gxf5 30. Rxc6 Re6 31. Rc7 Rae8 32. Rd7 f4 33. Rxd5 fxe3 34. Rg5+ Rg6 35. Rxg6+ Kxg6 36. fxe3 f5 37. Rc1 Kg5 38. Rc7 Re6 39. d5 Re5 40. Kd4 Re4+ 41. Kd3 Rb4 42. Rf7 Kg6 43. Rf8 Re4 44. Rb8 Kf7 45. Rxb6 g3 46. Rc6 Re5 47. Rc2 Rxd5+ 48. Ke2 g2 49. Kf2 Re5 50. Re2 Ke6 51. Kxg2 Ra5 52. b3 Ke5 53. Kf3 Rb5 54. Rc2 a5 55. Rc4 Rd5 56. a4 Rd3 57. Rc5+ Kf6 58. Rb5 Kg5 59. Ke2 Rc3 60. Kd2 1-0

[Event "OLNW 2324 SK Nordhorn Blanke - SK Kirchw"]
[Site "?"]
[Date "2024.02.25"]
[Round "6.4"]
[White "Ten Vergert, Paul"]
[Black "Kovacevic, Blazimir"]
[Result "0-1"]
[WhiteElo "2175"]
[BlackElo "2386"]
[PlyCount "110"]
[EventDate "2024.??.??"]

1. e4 c5 2. Nf3 a6 3. c3 e6 4. d4 d5 5. exd5 exd5 6. Bd3 c4 7. Bc2 Nc6 8. O-O Bd6 9. Re1+ Nge7 10. Nbd2 O-O 11. Nf1 Bf5 12. Bg5 f6 13. Bh4 Qd7 14. Bg3 Bxg3 15. Nxg3 Bxc2 16. Qxc2 Rae8 17. Kf1 g6 18. Re2 Nc8 19. Rae1 Nd6 20. Rxe8 Rxe8 21. Rxe8+ Qxe8 22. Qe2 Qd7 23. Ne1 Kg7 24. Nc2 f5 25. f3 f4 26. Nh1 Qf5 27. Nf2 g5 28. Ng4 Nf7 29. a3 h5 30. Nf2 Kf6 31. g4 hxg4 32. Nxg4+ Kg7 33. Nb4 Nxb4 34. axb4 Kf8 35. Kf2 b6 36. Kg2 a5 37. bxa5 bxa5 38. Kf2 Qh7 39. Kg2 Qf5 40. Kf2 Kg7 41. Kg2 Qb1 42. Ne5 Nh6 43. Nd7 Nf5 44. Qe5+ Kh7 45. Nf6+ Kg6 46. Nxd5 Nh4+ 47. Kf2 Qxb2+ 48. Qe2 Qxe2+ 49. Kxe2 a4 50. Ne7+ Kf6 51. Nc6 a3 52. Nb4 Ke6 53. Na2 Kd6 54. Nb4 Kc7 55. Na2 Kb6 0-1

[Event "OLNW 2324 SK Nordhorn Blanke - SK Kirchw"]
[Site "?"]
[Date "2024.02.25"]
[Round "6.5"]
[White "Genov, Petar"]
[Black "Lambrechts, Koen"]
[Result "1/2-1/2"]
[WhiteElo "2412"]
[BlackElo "2303"]
[PlyCount "43"]
[EventDate "2024.??.??"]

1. Nf3 e6 2. g3 b6 3. Bg2 Bb7 4. O-O f5 5. d3 Nf6 6. e4 fxe4 7. Ng5 Be7 8. Nxe4 Nxe4 9. dxe4 O-O 10. Be3 Na6 11. Nc3 Bc5 12. Bxc5 Nxc5 13. b4 Na6 14. a3 d6 15. Qd3 Kh8 16. f4 Qe7 17. Nb5 Nb8 18. c4 a6 19. Nc3 Nd7 20. Rad1 e5 21. Rde1 a5 22. Nd5 1/2-1/2

[Event "OLNW 2324 SK Nordhorn Blanke - SK Kirchw"]
[Site "?"]
[Date "2024.02.25"]
[Round "6.6"]
[White "Bertholee, Rob"]
[Black "Vernacki, Srdjan"]
[Result "1/2-1/2"]
[WhiteElo "2313"]
[BlackElo "2266"]
[PlyCount "199"]
[EventDate "2024.??.??"]

1. c4 c5 2. Nf3 Nf6 3. Nc3 e6 4. e3 b6 5. d4 cxd4 6. exd4 Bb7 7. a3 d6 8. Bd3 Be7 9. O-O O-O 10. d5 e5 11. b4 Nbd7 12. Nd2 Re8 13. Nb3 Bf8 14. Re1 g6 15. Bg5 h6 16. Bd2 Nh5 17. Qc1 Kh7 18. Qc2 Bg7 19. Rab1 Nf4 20. Bf1 f5 21. Nb5 Nf6 22. Bxf4 exf4 23. N3d4 a6 24. Rxe8 Nxe8 25. Ne6 Qe7 26. Nbd4 Bxd4 27. Nxd4 Qe4 28. Qd1 Ng7 29. Rb2 Qe5 30. Re2 Qf6 31. Qd2 b5 32. Re1 bxc4 33. Bxc4 Rc8 34. Qd3 Rc7 35. Nc6 h5 36. b5 axb5 37. Bxb5 h4 38. a4 Qg5 39. Qa3 Nh5 40. Qxd6 Rg7 41. Qa3 Nf6 42. Rd1 Qh5 43. Qf3 Qh6 44. a5 g5 45. Bd3 g4 46. Bxf5+ Kh8 47. Qc3 g3 48. fxg3 hxg3 49. h3 Qh5 50. Bc2 Nxd5 51. Qc5 Bxc6 52. Qxc6 Re7 53. Qc8+ Kg7 54. Qg4+ Qxg4 55. hxg4 Ne3 56. Re1 Ra7 57. Be4 Rxa5 58. Bf3 Kf6 59. Rb1 Kg5 60. Rc1 Nxg4 61. Bxg4 Kxg4 62. Rb1 Ra2 63. Rc1 Rd2 64. Rb1 Kf5 65. Re1 Ra2 66. Kf1 Ra4 67. Kg1 Re4 68. Ra1 Ke5 69. Kf1 Rb4 70. Re1+ Kd4 71. Rd1+ Ke3 72. Re1+ Kd3 73. Rd1+ Kc2 74. Ra1 Rd4 75. Ra2+ Kb3 76. Ra1 Kb2 77. Re1 Kc2 78. Re2+ Rd2 79. Re4 Kd3 80. Re1 Rf2+ 81. Kg1 Re2 82. Rf1 Ke4 83. Ra1 Rd2 84. Re1+ Kd3 85. Kf1 Kc2 86. Re4 Rf2+ 87. Kg1 Kd2 88. Ra4 Ke3 89. Ra3+ Ke4 90. Ra4+ Kf5 91. Ra5+ Kg4 92. Ra8 Rc2 93. Ra1 Rc4 94. Kf1 f3 95. gxf3+ Kh3 96. Kg1 Rc2 97. f4 Rg2+ 98. Kh1 Rh2+ 99. Kg1 Rf2 100. Ra8 1/2-1/2

[Event "OLNW 2324 SK Nordhorn Blanke - SK Kirchw"]
[Site "?"]
[Date "2024.02.25"]
[Round "6.7"]
[White "Ascic, Pero"]
[Black "Oehne, Timo"]
[Result "1/2-1/2"]
[WhiteElo "2238"]
[BlackElo "2155"]
[PlyCount "29"]
[EventDate "2024.??.??"]

1. d4 Nf6 2. Nf3 e6 3. g3 d5 4. Bg2 Be7 5. O-O O-O 6. b3 c5 7. e3 Nc6 8. Bb2 cxd4 9. Nxd4 Nxd4 10. Bxd4 Qc7 11. Bb2 Rd8 12. Qe2 Bd7 13. Rc1 Rac8 14. Nd2 Qa5 15. c3 1/2-1/2

[Event "OLNW 2324 SK Nordhorn Blanke - SK Kirchw"]
[Site "?"]
[Date "2024.02.25"]
[Round "6.8"]
[White "Stotyn, Fabian"]
[Black "Steffens, Oliver"]
[Result "1/2-1/2"]
[WhiteElo "2127"]
[BlackElo "2013"]
[PlyCount "74"]
[EventDate "2024.??.??"]

1. e4 e5 2. Nf3 Nc6 3. d4 exd4 4. Nxd4 Nf6 5. Nxc6 bxc6 6. Nd2 d5 7. exd5 cxd5 8. Bd3 Be7 9. O-O O-O 10. c4 d4 11. Qc2 Bb7 12. Re1 Re8 13. Nf1 Qd6 14. Ng3 Qc6 15. f3 Bb4 16. Rxe8+ Rxe8 17. Bg5 h6 18. Bxf6 Qxf6 19. Qa4 Qe7 20. Nf5 Qf8 21. a3 Bd2 22. Qxa7 Bc8 23. Qxc7 g6 24. Ng3 Re3 25. Be4 Rb3 26. Bd5 Be6 27. Bxe6 fxe6 28. Nf1 Bf4 29. Qd7 e5 30. Qd5+ Kh7 31. Re1 Rxb2 32. g3 Qf5 33. gxf4 Qh3 34. Qf7+ Kh8 35. Qf8+ Kh7 36. Qe7+ Kg8 37. Qd8+ Kg7 1/2-1/2

[Event "OLNW 2324 SK Union Oldenburg - SK Nordho"]
[Site "?"]
[Date "2024.03.17"]
[Round "7.1"]
[White "Kroeze, Frank"]
[Black "Wittje, Berthold"]
[Result "1-0"]
[WhiteElo "2390"]
[BlackElo "2269"]
[PlyCount "81"]
[EventDate "2024.??.??"]

1. e4 Nf6 2. e5 Nd5 3. d4 d6 4. Nf3 dxe5 5. Nxe5 c6 6. Be2 Bf5 7. O-O Nd7 8. Nf3 e6 9. c4 N5f6 10. Nh4 Bxb1 11. Rxb1 Be7 12. Nf3 Qc7 13. b3 Rd8 14. Qc2 O-O 15. Bb2 Rfe8 16. Rfe1 Nf8 17. g3 c5 18. dxc5 Qxc5 19. b4 Qc7 20. Qb3 N6d7 21. Nd4 Bf6 22. Nb5 Qb8 23. c5 Ng6 24. Nd6 Rf8 25. Rbd1 Bxb2 26. Qxb2 Nf6 27. Bf3 b6 28. Qa3 Ne7 29. Nc4 bxc5 30. bxc5 Qc7 31. Rd6 Nf5 32. Ra6 Nd4 33. Bd1 Nb5 34. Qb4 Rb8 35. Ne3 Rfd8 36. c6 Nd4 37. Qa4 Nb5 38. Bf3 h6 39. Bg2 Qe5 40. Qa5 Qd4 41. c7 1-0

[Event "OLNW 2324 SK Union Oldenburg - SK Nordho"]
[Site "?"]
[Date "2024.03.17"]
[Round "7.2"]
[White "Mueer, Sebastian"]
[Black "Elgersma, Simon"]
[Result "1-0"]
[WhiteElo "2147"]
[BlackElo "2218"]
[PlyCount "89"]
[EventDate "2024.??.??"]

1. Nf3 Nf6 2. c4 g6 3. Nc3 Bg7 4. e4 d6 5. d4 O-O 6. Be2 e5 7. d5 a5 8. Bg5 h6 9. Be3 Ng4 10. Bd2 f5 11. h3 Nf6 12. exf5 gxf5 13. g4 f4 14. Qc2 Na6 15. g5 Nh7 16. gxh6 Bf5 17. Ne4 Bxh6 18. Bd3 b6 19. O-O-O Kh8 20. Rdg1 Qe7 21. h4 Nf6 22. Nfg5 Rac8 23. Ne6 Bxe6 24. dxe6 Nxe4 25. Bxe4 Nc5 26. Rg6 Rf6 27. Rhg1 Rcf8 28. Bd5 Nxe6 29. Qd1 Nd4 30. Qh5 Qh7 31. Rg8+ Rxg8 32. Rxg8+ Qxg8 33. Bxg8 Kxg8 34. Qg4+ Bg7 35. Qc8+ Kh7 36. Qxc7 Rg6 37. Bc3 Ne2+ 38. Kd2 Nxc3 39. bxc3 e4 40. Qe7 e3+ 41. fxe3 fxe3+ 42. Kxe3 Rg3+ 43. Ke4 Rxc3 44. Kd5 a4 45. Qe4+ 1-0

[Event "OLNW 2324 SK Union Oldenburg - SK Nordho"]
[Site "?"]
[Date "2024.03.17"]
[Round "7.3"]
[White "Rietman, Frits"]
[Black "Meessen, Max"]
[Result "1/2-1/2"]
[WhiteElo "2218"]
[BlackElo "2142"]
[PlyCount "50"]
[EventDate "2024.??.??"]

1. e4 c5 2. Nf3 d6 3. d4 cxd4 4. Nxd4 Nf6 5. Nc3 Nc6 6. Nb3 e6 7. g3 Be7 8. Bg2 O-O 9. O-O Bd7 10. h3 a6 11. a4 b6 12. Kh2 Rc8 13. f4 Nb4 14. Nd4 e5 15. Nf5 Bxf5 16. exf5 exf4 17. Bxf4 d5 18. Be5 d4 19. Bxd4 Nxc2 20. Bxf6 Qxd1 21. Raxd1 Bxf6 22. Nd5 Rcd8 23. Rc1 Rxd5 24. Rxc2 Rd4 25. b3 Rd3 1/2-1/2